LEADER 01089nam a2200265 i 4500 001 000000155103 003 CaOOAMICUS 005 20061102000000.0 008 061102s1983 it u000 u ita u 013 $a132452 040 $aSeMil$bita 100 1 $aWeiss, Peter <1916-1982>.$0(OLS)http://semarc/name/17431 245 12$aL'infanzia del mago :$buna favola autobiografica /$cHermann Hesse. Come è nato questo libro : uno straordinario incontro / Peter Weiss. 260 $a[S.l.] :$bFiabesca,$c1983. 300 $a1 v. :$briccamente ill. ;$c17 cm. 490 0 $aFiabesca ;$v8 500 $aFondo Ciprandi. 700 1 $aHesse, Hermann,$d<1877-1962>.$0(OLS)http://semarc/name/19147 830 0$aFiabesca ;$v8.$0(OLS)http://semarc/title/10712 850 $aSeMil 852 $aSeMil$W1$xVenegono$y1$m1W I 476$j106954$B106954$CSeMilBibl$Z2$F116226 $81 941 1 $a1 961 $aOmaggio: Ciprandi dott. Paolo 996 $6245$aL'infanzia del mago :$buna favola autobiografica$9(OLS)http://semarc/title/227126 996 $6260$a[S.l.] :$bFiabesca$9(OLS)http://semarc/publisher/32189 LEADER 01007nam a2200241 i 4500 001 000000051391 003 CaOOAMICUS 005 20091116000000.0 008 091116s1978 it u000 u ita u 013 $a22563 040 $aSeMil$bita 100 1 $aBarbero, Franco,$d<1939- >.$0(OLS)http://semarc/name/25419 245 10$aMaestri di nessuno :$bcristiani di base contro ogni presunzione magisteriale /$cFranco Barbero. 260 $aTorino :$bClaudiana,$ccopyr. 1978. 300 $a183 p. ;$c21 cm. 490 0 $aNostro tempo ;$v26 650 4$aComunità di base.$0(OLS)http://semarc/subject/6206 830 0$aNostro tempo ;$v26.$0(OLS)http://semarc/title/7076 850 $aSeMil 852 $aSeMil$W1$xVenegono$y1$m3E III 231$j17546$B17546$CSeMilBibl$Z2$F17547 $81 961 $aOmaggio: Donazione 996 $6245$aMaestri di nessuno :$bcristiani di base contro ogni presunzione magisteriale$9(OLS)http://semarc/title/78685 996 $6260$aTorino :$bClaudiana$9(OLS)http://semarc/publisher/29837